Evangelical Baptist convention church Mission compound, Lamka South division : (Record no. 10931)

MARC details
000 -LEADER
fixed length control field 00485nam a22001577a 4500
003 - CONTROL NUMBER IDENTIFIER
control field GBCCL
005 - DATE AND TIME OF LATEST TRANSACTION
control field 20250903150342.0
008 - FIXED-LENGTH DATA ELEMENTS--GENERAL INFORMATION
fixed length control field 250903b |||||||| |||| 00| 0 eng d
040 ## - CATALOGING SOURCE
Transcribing agency GBC
082 ## - DEWEY DECIMAL CLASSIFICATION NUMBER
Classification number SOU EVA
Item number 2025
245 ## - TITLE STATEMENT
Title Evangelical Baptist convention church Mission compound, Lamka South division :
Remainder of title Silver jubilee souvenir 2000-2025
260 ## - PUBLICATION, DISTRIBUTION, ETC.
Place of publication, distribution, etc. Mission Compound :
Name of publisher, distributor, etc. EBCC,
Date of publication, distribution, etc. 2025
300 ## - PHYSICAL DESCRIPTION
Extent 164P. ;
650 ## - SUBJECT ADDED ENTRY--TOPICAL TERM
Topical term or geographic name entry element Souvenir
Form subdivision EBCC Mission compound
942 ## - ADDED ENTRY ELEMENTS (KOHA)
Source of classification or shelving scheme Dewey Decimal Classification
Koha item type Archives
Suppress in OPAC No
Holdings
Withdrawn status Lost status Source of classification or shelving scheme Damaged status Not for loan Home library Current Library Shelving location Date acquired Total checkouts Full call number Barcode Date last seen Copy number Price effective from Koha item type
    Dewey Decimal Classification     GRACE BIBLE COLLEGE GRACE BIBLE COLLEGE Archives 2025-09-03   SOU EVA 2025 250296 2025-09-03 c.1 2025-09-03 Archives
    Dewey Decimal Classification     GRACE BIBLE COLLEGE GRACE BIBLE COLLEGE Archives 2025-09-03   SOU EVA 2025 250297 2025-09-03 c.2 2025-09-03 Archives
© Grace Bible College Library 2025